<?xml version="1.0" encoding="UTF-8"?>
<marc:record xmlns:marc="http://www.loc.gov/MARC21/slim">
   <marc:leader>00000nam a2200000 a 4500</marc:leader>
   <marc:datafield ind1="1" ind2=" " tag="100">
      <marc:subfield code="a">Schicketanz, Elisabeth</marc:subfield>
      <marc:subfield code="4">aut</marc:subfield>
      <marc:subfield code="e">Verfasser/-in</marc:subfield>
   </marc:datafield>
   <marc:datafield ind1="1" ind2=" " tag="100">
      <marc:subfield code="a">Boulanger, Robert</marc:subfield>
      <marc:subfield code="4">aut</marc:subfield>
      <marc:subfield code="e">Verfasser/-in</marc:subfield>
   </marc:datafield>
   <marc:datafield ind1=" " ind2=" " tag="653">
      <marc:subfield code="a">Softcover / Belletristik/Krimis</marc:subfield>
   </marc:datafield>
   <marc:datafield ind1=" " ind2=" " tag="653">
      <marc:subfield code="a">Thriller</marc:subfield>
   </marc:datafield>
   <marc:datafield ind1=" " ind2=" " tag="653">
      <marc:subfield code="a">Spionage</marc:subfield>
   </marc:datafield>
   <marc:datafield ind1=" " ind2=" " tag="653">
      <marc:subfield code="a">Fiktionale Darstellung</marc:subfield>
   </marc:datafield>
   <marc:datafield ind1=" " ind2=" " tag="653">
      <marc:subfield code="a">Krimis</marc:subfield>
   </marc:datafield>
   <marc:datafield ind1="0" ind2="0" tag="245">
      <marc:subfield code="a">Plan B</marc:subfield>
   </marc:datafield>
   <marc:datafield ind1="0" ind2="0" tag="245">
      <marc:subfield code="b">ein Wiener Spionagethriller</marc:subfield>
   </marc:datafield>
   <marc:datafield ind1="0" ind2="0" tag="245">
      <marc:subfield code="c">Elisabeth Schicketanz, Robert Boulanger</marc:subfield>
   </marc:datafield>
   <marc:datafield ind1=" " ind2="1" tag="264">
      <marc:subfield code="b">Sisyphus</marc:subfield>
      <marc:subfield code="c">2015</marc:subfield>
   </marc:datafield>
   <marc:datafield ind1="1" ind2=" " tag="520">
      <marc:subfield code="a">Angaben aus der Verlagsmeldung

Plan B : Ein Wiener Spionagethriller / von Elisabeth Schicketanz, Robert Boulanger

An der Alten Donau wird im Morgengrauen eine Leiche gefunden. Dass der hochbegabte Informatikstudent sich selbst gemordet haben soll, will Hauptkommissar Kovac nicht in seinen sturen Kopf. Schon gar nicht, als seine Ermittlungen ergeben, dass sich der junge Mann und sein Freund auf einen Rechner der CIA verirrt hatten und die Geheimdienste den Hackern bereits auf der Spur sind.
Immer dichter zieht sich das allgegenwärtige Überwachungsnetz um Beteiligte und Unbeteiligte zusammen, bis zu dem Moment, in dem passive Flucht vor den Verfolgern in aktiven Widerstand umschlägt und das virtuelle Geflecht aus Wissen und Macht schließlich auch diejenigen umschlingt, die die Fäden in der Hand zu haben glauben.
Helden sucht man hier vergebens. Selbst Kovac, der mit Grant und Menschlichkeit gegen Spionage, Intrigen und Korruption antritt, ist getrieben von der Erkenntnis, dass Grauen und Kabarett in guter Nachbarschaft leben, dass das Gute und das Böse etwas miteinander zu tun haben, untrennbar verbunden sein könnten, in Wien und überall.
</marc:subfield>
   </marc:datafield>
   <marc:datafield ind1=" " ind2=" " tag="020">
      <marc:subfield code="a">9783901960888</marc:subfield>
      <marc:subfield code="9">9783901960888</marc:subfield>
   </marc:datafield>
   <marc:datafield ind1=" " ind2=" " tag="300">
      <marc:subfield code="a">344 Seiten</marc:subfield>
   </marc:datafield>
</marc:record>
